00501nam a2200169Ia 4500003000400000008004100004040001600045082001300061100002700074245007600101700001900177700002500196700002100221260005400242300001000296650002500306GCL140319s9999 xx 000 0 eng d aGCL / cGCL04a604.bGP1 aGIESECKE, FRESERICK E.10aPrinciples Of Engineering Graphics, 2ND. ED. / cGIESECKE, FRESERICK E.1 aMITCHELL, ALXA1 aSPENCER, HENRY CECIL1 aHILL, IVAN LEROY a[S.N] : bMACMILLAN PUBLBISHING COMPANY ، c1994 a675 P04aENGINEERING GRAPHICS